| Поле | Название | Значение |
| |
Тип записи |
i |
| |
Библиографический уровень |
m |
| 001 |
Контрольный номер |
SKBR/05c0f047-7aea-41a4-94e1-cc6f6daa9d35 |
| 005 |
Дата корректировки |
20260616094952.9 |
| 010 |
Индекс ISBN |
__ |
| b |
Уточнения |
в кор. |
| d |
Цена |
369-00 |
| 035 |
Другие системные номера |
__ |
| a |
Идентификатор записи |
RU\NLR\BIBL_A\011779950 |
| 100 |
Данные общей обработки |
__ |
| a |
Данные общей обработки |
20180830d2018 y0rusa50 ca |
| 101 |
Язык документа |
0_ |
| a |
Язык текста |
rus |
| 102 |
Страна публикации |
__ |
| a |
Страна публикации |
RU |
| 106 |
Кодированные данные (форма документа) |
__ |
| a |
Кодированные данные для формы документа (Обозначение носителя) |
s |
| 125 |
Кодированные данные звукозаписи и нотных изданий |
__ |
| b |
Определитель литературного текста |
с |
| 126 |
Кодированные данные (звукозаписи-физические характеристики) |
__ |
| a |
Кодированные данные звукозаписи (общие) |
аgbхhхх сd |
| 127 |
Кодированные данные (звукозаписи-физические характеристики) |
__ |
| a |
Продолжительность проигрывания |
1811## |
| 135 |
Кодированные данные (электронные ресурсы) |
__ |
| a |
Кодированные данные (электронные ресурсы) |
hongannnauuuu |
| 139 |
Кодированные данные (электронные ресурсы) |
__ |
| a |
Кодированные данные (электронные ресурсы) |
caz |
| 181 |
Поле кодированных данных: вид содержания |
_0 |
| a |
Код вида содержания (ISBD) |
h |
| 182 |
Поле кодированных данных: тип средства |
_0 |
| a |
Код типа средства (ISBD) |
a |
| 200 |
Заглавие и сведения об ответственности |
1_ |
| a |
Заглавие |
Золотые костры |
| e |
Сведения, относящиеся к заглавию |
[аудиокнига] |
| f |
Первые сведения об ответственности |
Алексей Пехов ; читает Иван Литвинов ; звукорежиссеры: Сергей Карпенко, Алеся Батанцева ; оператор звукозаписи Ринат Курбанбаев |
| 203 |
Вид содержания и тип средства |
__ |
| a |
Вид содержания |
Устная речь |
| c |
Тип средства |
аудио |
| 210 |
Выходные данные |
1_ |
| a |
Место издания |
Москва |
| c |
Издательство |
АРДИС |
| d |
Дата издания |
2018 |
| 215 |
Физическое описание |
__ |
| d |
Формат |
12 см |
| a |
Объем |
1 электрон. опт. диск (CD-ROM) (18 ч. 11 мин.) |
| c |
Иллюстрации/тип воспроизводства |
зв. |
| 225 |
Серия |
1_ |
| a |
Серия |
Фантастика и приключения |
| 225 |
Серия |
2_ |
| a |
Серия |
Аудиокнига |
| 300 |
Общие примечания |
__ |
| a |
Общие примечания |
Заглавие с этикетки диска |
| 300 |
Общие примечания |
__ |
| a |
Общие примечания |
Данные в формате MP3 |
| 330 |
Аннотация |
__ |
| a |
Аннотация |
Суровую зиму предвещают ледяные ветра с гор. Она придет с метелью и холодом, скрывая в снежной круговерти смерть. Где-то там, за вьюгой, мимо уснувших лесов, опустевших полей и заброшенных погостов, идет по ночным трактам темный кузнец. Никто не знает, кто он, как выглядит и чего хочет. Людвиг ван Нормайенн со спутниками Проповедником и Пугалом спешат по его остывающему следу. |
| 333 |
Примечание о целевом назначении |
__ |
| a |
Примечание о целевом назначении |
16+. Для детей старше 16 лет |
| 606 |
Тематические рубрики |
__ |
| a |
Основная рубрика |
Художественная литература |
| 606 |
Тематические рубрики |
__ |
| a |
Основная рубрика |
Современная русская литература (произведения) |
| 610 |
Ключевые слова |
0_ |
| a |
Ключевые слова |
романы |
| 610 |
Ключевые слова |
0_ |
| a |
Ключевые слова |
боевое фэнтези |
| 610 |
Ключевые слова |
0_ |
| a |
Ключевые слова |
фэнтези |
| 610 |
Ключевые слова |
0_ |
| a |
Ключевые слова |
фэнтези |
| 610 |
Ключевые слова |
0_ |
| a |
Ключевые слова |
героическое фэнтези |
| 610 |
Ключевые слова |
0_ |
| a |
Ключевые слова |
иные миры |
| 610 |
Ключевые слова |
0_ |
| a |
Ключевые слова |
магическое фэнтези |
| 610 |
Ключевые слова |
0_ |
| a |
Ключевые слова |
приключенческое фэнтези |
| 610 |
Ключевые слова |
0_ |
| a |
Ключевые слова |
становление героя |
| 686 |
Индексы других классификаций |
__ |
| a |
Классификационный индекс |
84(2=411.2)6-445я04; ст84(2=411.2)6-445я0 |
| 2 |
Код системы |
rubbks |
| 700 |
Автор |
_1 |
| a |
Фамилия |
Пехов |
| b |
Имя |
А. Ю. |
| f |
Даты |
1978- |
| g |
Полное личное имя |
Алексей Юрьевич |
| 4 |
Код отношения |
070 |
| 702 |
Вторичная интеллектуальная ответственность |
_1 |
| a |
Фамилия |
Литвинов |
| b |
Имя |
И. |
| g |
Полное личное имя |
Иван |
| 4 |
Код отношения |
590 |
| 702 |
Вторичная интеллектуальная ответственность |
_1 |
| a |
Фамилия |
Карпенко |
| b |
Имя |
С. |
| g |
Полное личное имя |
Сергей |
| 4 |
Код отношения |
570 |
| 702 |
Вторичная интеллектуальная ответственность |
_1 |
| a |
Фамилия |
Батанцева |
| b |
Имя |
А. |
| g |
Полное личное имя |
Алеся |
| 4 |
Код отношения |
570 |
| 702 |
Вторичная интеллектуальная ответственность |
_1 |
| a |
Фамилия |
Курбанбаев |
| b |
Имя |
Р. |
| g |
Полное личное имя |
Ринат |
| 4 |
Код отношения |
600 |
| 801 |
Источник записи |
_0 |
| a |
Страна |
RU |
| b |
Организация |
NLR |
| c |
Дата составления |
20180830 |
| g |
Правила каталогизации |
RCR |
| 801 |
Источник записи |
_1 |
| a |
Страна |
RU |
| b |
Организация |
NLR |
| c |
Дата составления |
20180830 |
| g |
Правила каталогизации |
PSBO |
| 801 |
Источник записи |
_2 |
| a |
Страна |
RU |
| b |
Организация |
NLR |
| c |
Дата составления |
20180901 |
| 2 |
Код формата |
rusmarc |
| g |
Правила каталогизации |
PSBO |
| 852 |
Данные о местонахождении |
__ |
| i |
Авторский знак |
П 31 |
| j |
Шифр хранения |
84(2=411.2)6-445я04 |
| 900 |
Макрообъекты |
__ |
| a |
Макрообъекты |
Золотые костры, 2018 |
| 901 |
Тип документа |
__ |
| a |
Ответственный |
КиК/Мамарузиева |
| t |
Тип документа |
0 |
| 903 |
Характеристики (МАРС) |
__ |
| a |
Дата передачи |
20210205 |
| c |
Наименование библиотеки (МАРС) |
Муниципальное бюджетное учреждение культуры "Централизованная библиотечная система" г. Сургут (Центральная городская библиотека им. А. С. Пушкина) |
| 969 |
Тип издания |
__ |
| a |
Тип издания |
издание для слепых |
| a |
Тип издания |
аудиокнига |
| 990 |
Данные о заказе (DOS) |
__ |
| j |
Количество экземпляров (DOS) |
3 |
| t |
N записи в КСУ для И/У (DOS) |
202102 |